Statistiques concernant Destination mystère à vol d'oiseau - France

Cliquez ici pour prendre le quiz!

Statistiques générales

  • Ce quiz a été pris 6 450 fois
  • Le résultat moyen est 7 sur 15

Statistiques - réponses

En commençant à...Et en voyageant...Puis...Vous arrivez à...% Correct
La Rochelle117 km au nord30 km à l'ouestNantes
70%
Angers292 km au sud1 km à l'ouestBordeaux
69%
Toulouse12 km au nord466 km à l'estNice
65%
Lille780 km au sud64 km à l'estMontpellier
63%
Nancy11 km au sud126 km à l'estStrasbourg
60%
Clermont-Ferrand172 km au nord148 km à l'estDijon
52%
Rouen116 km au sud413 km à l'ouestBrest
51%
Paris7 768 km au sud5 474 km à l'estSaint-Denis (La Réunion)
50%
Perpignan0 km au nord/sud535 km à l'estBastia
45%
Le Havre153 km au sud132 km à l'ouestRennes
45%
Limoges8 km au sud278 km à l'estLyon
42%
Grenoble228 km au sud18 km à l'estToulon
39%
Metz3 835 km au sud7 210 km à l'ouestFort-de-France
34%
Saint-Étienne425 km au nord25 km à l'ouestReims
31%
Marseille860 km au nord211 km à l'ouestDunkerque
26%

Distribution des résultats

Percentile par nombre de réponses

% des personnes avec chaque résultat

Votre développement - résultats

Vous n’avez pas pris ce quiz